Introduction to fluid mechanics
Αποθηκεύτηκε σε:
| Κύριος συγγραφέας: | |
|---|---|
| Άλλοι συγγραφείς: | |
| Μορφή: | Βιβλίο |
| Γλώσσα: | English |
| Δημοσίευση: |
New York :
Wiley,
1985
|
| Έκδοση: | 3rd ed. |
| Θέματα: | |
| Ετικέτες: |
Προσθήκη ετικέτας
Δεν υπάρχουν, Καταχωρήστε ετικέτα πρώτοι!
|
MARC
| LEADER | 00000cam a2200000 i 4500 | ||
|---|---|---|---|
| 001 | 1/44981 | ||
| 008 | 070524s1985 eng d | ||
| 020 | |a 0-471-88598-3 | ||
| 035 | |l 10087998 | ||
| 040 | |a GR-MY-UA |b gre |e aacr | ||
| 041 | 0 | |a eng | |
| 082 | 0 | |a 532 |2 (22) | |
| 100 | 1 | |a Fox, Robert W., |d 1934-2014. | |
| 245 | 1 | 0 | |a Introduction to fluid mechanics / |c Robert W. Fox, Alan T. McDonald |
| 250 | |a 3rd ed. | ||
| 260 | |a New York : |b Wiley, |c 1985 | ||
| 300 | |a x, 741 σ; |b εικ.; |c 25 εκ. | ||
| 504 | |a Περιέχει βιβλιογραφικές παραπομπές και ευρετήριο | ||
| 650 | 0 | 0 | |a Fluid mechanics. |
| 700 | 1 | |a McDonald, Alan T. | |
| 852 | |a INST |b LESVOS |e 20070524 |h 532 FOX |p 005100038153 |q 005100038153 |t BK |y 0 | ||
| 901 | |a BIBL1-2007-2 | ||
| 970 | |a ΚΑΡΑ |b ΓΙΑΣΕΜΗ |z 2007/05/24 | ||